00266nam a2200109Ia 450000500170000000800410001710000240005824500420008226000120012430000110013665000090014720260326235449.0260326s9999||||xx |||||||||||||| ||und|| aGombrich, Ernst H.  4aThe Story of Art /cErnst H. Gombrich bPhaidon a686 p. aARTE